000 00809nam a22002777a 4500
001 8026
003 FISKH
005 20250820091205.0
008 250819b cb ||||| |||| 00| 0 eng d
020 _a9780439351584
040 _aFISKH
_beng
_cFISKH
_dFISKH
050 _aPZ7
082 _a398.2
100 _aLawson, Barbara
245 _aFolktales from Chiana /
_cretold by Barbara Lawson : illustrated by Kristina Swarner
260 _aNew York :
_bScholastic ,
_c2002.
300 _a16 pages :
_bcolor illustrations ;
_c20 cm .
505 _aO
520 _aPresents three folktales from China.
521 8 _a620
_bLexile
521 8 _aO
_bRaz-Plus
650 _aLunar New Year
_vFiction
700 _aSwarner, Kristina
_eIllustrator
942 _2ddc
_cBK
_n0
999 _c8026
_d8026